|
|
|
|
| LEADER |
00867nam a2200313 4500 |
| 001 |
DLU090064833 |
| 005 |
##20090107 |
| 040 |
# |
# |
|a DLU
|b vie
|
| 041 |
# |
# |
|a vie
|
| 044 |
# |
# |
|a vn
|
| 082 |
# |
# |
|a 641.302
|b Phu
|
| 245 |
# |
# |
|a Phương pháp chữa bệnh bằng ăn uống :
|b Chuối tiêu, ớt ngọt đỏ, rượu chanh /
|c Lân Kiến An, Giang Văn Toàn biên soạn.
|
| 260 |
# |
# |
|a Tp.HCM :
|b Tổng hợp,
|c 2007.
|
| 300 |
# |
# |
|a 115 tr. ;
|c 21 cm.
|
| 653 |
# |
# |
|a Điều trị tại nhà
|
| 653 |
# |
# |
|a Liệu pháp ăn uống
|
| 700 |
# |
# |
|a Giang Văn Toàn,
|e biên soạn.
|
| 700 |
# |
# |
|a Lân Kiến An,
|e biên soạn.
|
| 923 |
# |
# |
|a 20/2008
|
| 991 |
# |
# |
|a SH
|
| 992 |
# |
# |
|a 17000
|
| 994 |
# |
# |
|a DLU
|
| 900 |
# |
# |
|a True
|
| 911 |
# |
# |
|a Đào Thị Thu Huyền
|
| 925 |
# |
# |
|a G
|
| 926 |
# |
# |
|a A
|
| 927 |
# |
# |
|a SH
|
| 980 |
# |
# |
|a Thư viện Trường Đại học Đà Lạt
|